Mixed Word: Colleges II Quiz Stats

 Plays Quiz Updated Aug 19, 2014

Support Sporcle.
Go Orange.
Score 0/14 Timer 03:00
0 Plays Today
Mixed Word School % Correct
RAVHDARHarvard
92%
SNHOJ SKOPINHJohns Hopkins
90.6%
RODFOXOxford
89.7%
YIRTINTTrinity
89.7%
ROTHSNEWTERNNorthwestern
87.4%
GNISK LOCELEGKing's College
87.1%
DAMGIBRECCambridge
86.9%
Mixed Word School % Correct
BUMLOCIAColumbia
84.6%
REDUPUPurdue
82.3%
NONETICPRPrinceton
76.2%
GRANICEE LLEMONCarnegie Mellon
65.9%
RADUHMDurham
56%
LICMLGMcGill
45.9%
SHAMONMonash
15.9%

From the Vault

Marauder's Map Nicknames

by lunalover010501

We solemnly swear that we are up to no good.
Remove Ads.
Support Sporcle.
Get the best of Sporcle when you Go Orange. This ad-free experience offers more features, more stats, and more fun while also helping to support Sporcle. Thank you for becoming a member.

Show Comments

Extras

Top Quizzes Today


Score Distribution

Your Account Isn't Verified!

In order to create a playlist on Sporcle, you need to verify the email address you used during registration. Go to your Sporcle Settings to finish the process.

Report this User

Report this user for behavior that violates our Community Guidelines.

Details: